Cities of Nebraska by Population - Statistics

General Stats
  • This quiz has been taken 148 times
  • The average score is 8 of 11
Answer Stats
Population City % Correct
434,353 Omaha
100%
268,738 Lincoln
98%
50,550 Grand Island
86%
32,174 Kearney
85%
53,633 Bellevue
74%
24,534 North Platte
68%
25,093 Hastings
65%
26,340 Fremont
64%
24,523 Norfolk
64%
21,921 Papillion
62%
22,533 Columbus
53%
No matching quizzes found
Score Distribution
Percent of People with Each Score
Percentile by Number Answered
Your Score History
You have not taken this quiz